Society building (Record no. 82886)
[ view plain ]
| 000 -LEADER | |
|---|---|
| fixed length control field | 00835cab a22002055a 4500 |
| 001 - CONTROL NUMBER | |
| control field | L152031 |
| 008 - FIXED-LENGTH DATA ELEMENTS--GENERAL INFORMATION | |
| fixed length control field | 110126e20110122xxk 000 0 eng d |
| 035 ## - SYSTEM CONTROL NUMBER | |
| System control number | (Sirsi) u152031 |
| 041 0# - LANGUAGE CODE | |
| Language code of text/sound track or separate title | eng |
| 100 1# - MAIN ENTRY--PERSONAL NAME | |
| Personal name | Gallimore, Michael |
| 245 00 - TITLE STATEMENT | |
| Title | Society building |
| 260 ## - PUBLICATION, DISTRIBUTION, ETC. | |
| Date of publication, distribution, etc. | 2011 |
| 490 ## - SERIES STATEMENT | |
| Series statement | Estates Gazette |
| Volume/sequential designation | (1103) 22 January 2011, 74-76(3) |
| 520 ## - SUMMARY, ETC. | |
| Summary, etc. | Considers how proposals outlined in the Decentralisation and Localism Bill will effect the plannng system based on the principles of decentralisation and leaving decisions to local communities including proposals to draw up neighbourhood development plans (NDPs) and neighbourhood development orders (NDOs). |
| 590 ## - LOCAL NOTE (RLIN) | |
| Local note | KA |
| 650 24 - SUBJECT ADDED ENTRY--TOPICAL TERM | |
| Topical term or geographic name entry element | DECENTRALISATION AND LOCALISM BILL |
| 651 #4 - SUBJECT ADDED ENTRY--GEOGRAPHIC NAME | |
| Geographic name | England and Wales |
| Chronological subdivision | 1543- |
| 690 ## - LOCAL SUBJECT ADDED ENTRY--TOPICAL TERM (OCLC, RLIN) | |
| Topical term or geographic name as entry element | Planning and development |
| 9 (RLIN) | 6259 |
| 942 ## - ADDED ENTRY ELEMENTS (KOHA) | |
| Suppress in OPAC | 0 |
| Withdrawn status | Lost status | Source of classification or shelving scheme | Damaged status | Not for loan | Home library | Current library | Shelving location | Date acquired | Total Checkouts | Full call number | Barcode | Date last seen | Copy number | Price effective from | Koha item type |
|---|---|---|---|---|---|---|---|---|---|---|---|---|---|---|---|
| Dewey Decimal Classification | London | London | Journal article | 26/01/2011 | L152031 | 152031-1001 | 06/08/2019 | 1 | 06/08/2019 | Journal article |